000 00300nam a2200109 4500
082 _a624.1833ABD
100 _aAbdul Majid
245 _aPortland Cements: Production, Properties, and Applications
260 _aLahore:
_bInstitute of Professional Advancement,
_c1998.
300 _a302p. ;
942 _cBK
999 _c10965
_d10965